| 000 | 00748nam a2200193 a 4500 | ||
|---|---|---|---|
| 003 | 0 | ||
| 005 | 20250326102403.0 | ||
| 008 | 050809s19uu xx 00 eng d | ||
| 050 |
_aPGS QP 517.C45.E44 _b.F419 2005 |
||
| 100 | _aFetalvero, Bernice Krista B. | ||
| 245 |
_aEffects of energy drinks on the rate of cellular respiration / _cBernice Krista B. Fetalvero. |
||
| 260 |
_aLas PiƱas City, Philippines : _bSouthville International School and Colleges, _c2005. |
||
| 300 |
_a24 pages : _billustrations ; _c28 cm. |
||
| 504 | _aIncludes bibliographical references. | ||
| 650 |
_aCellular respiration _vPhysiological effects. |
||
| 650 |
_aEnergy drinks _vPhysiological aspects. |
||
| 650 |
_aCaffeine _vEffects on metabolism. |
||
| 942 |
_2lcc _cPASS |
||
| 999 |
_c97360 _d97360 |
||